[Event "III Marcel Duchamp Boca Jun Op"]
[Site "Buenos Aires ARG"]
[Date "2013.06.21"]
[Round "2.7"]
[White "Krysa,L"]
[Black "Acosta,Pablo Ismael"]
[Result "1/2-1/2"]
[WhiteElo "2411"]
[BlackElo "2102"]

1.e4 c5 2.Nf3 d6 3.Bb5+ Bd7 4.Bxd7+ Nxd7 5.c4 e5 6.O-O g6 7.Nc3 Bg7 8.d3 Ne7
9.h4 h6 10.h5 Nf6 11.hxg6 fxg6 12.Rb1 a5 13.a3 O-O 14.b4 axb4 15.axb4 b6
16.Nd5 g5 17.bxc5 bxc5 18.Nxf6+ Bxf6 19.Nh2 Bg7 20.Qg4 Qc8 21.Rb6 Nc6 22.Be3 Qxg4
23.Nxg4 Rfc8 24.f3 Kf7 25.Rfb1 Bf8 26.Bd2 Nd4 27.Ne3 Ra3 28.Rb7+ Kg6 29.Nd5 Rxd3
30.Be3 Nc6 31.Ra1 Nb4 32.Nb6 Re8 33.Bf2 h5 34.Nd7 Be7 35.Raa7 Bd8 36.Ra8 Nc6
37.Ra6 Nb4 38.Ra8 Nc6 39.Rc8 Ne7 40.Ra8 Nc6 41.Rc8 Ne7 42.Ra8 Nc6 43.Ra6 Nb4
44.Ra8 Nc6 45.Rc8 Ne7 46.Ra8 Nc6 47.Ra6 Nb4 48.Ra8 Nc6 49.Rc8 Ne7 50.Ra8 Nc6
51.Ra6 Nb4 52.Ra8 Nc6 53.Rc8 Ne7 54.Ra8 Nc6 55.Ra6 Nb4 56.Ra8 Nc6 57.Rc8 Ne7
58.Ra8 Nc6 59.Ra6 Nb4 60.Ra8 Nc6 61.Rc8 Ne7 62.Ra8 Nc6 63.Kh2 Rd2 64.Be1 Rd1
65.Ra6 Rxe1 66.Rxc6 Rd1 67.Rc8 g4 68.fxg4 hxg4 69.Rbb8 Rh8+ 70.Kg3 Rd3+ 71.Kf2 Bh4+
72.Ke2 Rxc8 73.Rxc8 Rg3 74.Rc6 Rxg2+ 75.Kd3 Bg5 76.Rxd6+ Kh5 77.Kc3 Re2 78.Nxe5 Rxe4
79.Nxg4 Kxg4 80.Rd5 Be3 81.Kd3 Kf4 82.Rh5 Rd4+ 83.Kc3 Bd2+ 84.Kb3 Bb4 85.Rh3 Re4
86.Rh8 Re3+ 87.Ka4 Ke5 88.Kb5 Kd4 89.Rh4+ Kc3 90.Rh8 Kb3 91.Rh5 Re2 92.Rh3+ Ka2
93.Ka4 Rc2 94.Kb5 Ba3 95.Rf3 Rb2+ 96.Kc6 Rb8 97.Rh3 Rc8+ 98.Kb7 Re8 99.Kc6 Re5
100.Kb5  1/2-1/2

[Event "12th TCh-BIH Prem"]
[Site "Sarajevo BIH"]
[Date "2013.06.21"]
[Round "7.2"]
[White "Brkic,A"]
[Black "Tomic,Bos"]
[Result "1/2-1/2"]
[WhiteElo "2584"]
[BlackElo "2430"]

1.e4 c5 2.Nf3 d6 3.Bb5+ Nd7 4.O-O a6 5.Bd3 Ngf6 6.c3 b5 7.Bc2 Bb7 8.Re1 c4
9.b3 cxb3 10.axb3 e5 11.d4 Be7 12.Nbd2 O-O 13.Ba3 Re8 14.c4 exd4 15.Nxd4 Qb6
16.Nf5 Bf8 17.Bb2 g6 18.Bd4 Qc7 19.Ne3 bxc4 20.Nexc4 d5 21.exd5 Rxe1+ 22.Qxe1 Bxd5
23.Ne3 Re8 24.Qd1 Bb7 25.Ndc4 Nd5 26.Nxd5 Bxd5 27.Ne3 Bb7 28.Bd3 Bc5 29.Bxc5 Nxc5
30.Bc4 Ne4 31.Qc2 Qc6 32.Rc1 Qb6 33.h3 Kg7 34.Rd1 Re7 35.Nd5 Bxd5 36.Bxd5 Nf6
37.Bc4 a5 38.g3 Qb4 39.Qd2 Rd7 40.Qxd7 Nxd7 41.Rxd7 a4 42.Rxf7+ Kh6 43.bxa4 Qxc4
44.Rf4 Qc1+ 45.Kg2 g5 46.Rg4 Kh5 47.Re4 Qc6 48.f3 Qc2+ 49.Kg1 Qd2 50.h4 h6
51.hxg5 hxg5 52.Re8 Qb2 53.Re4 Qa2 54.Kf1 Qh2 55.Rg4 Kg6 56.a5 Kf5 57.a6 Qa2
58.Re4 Qxa6+ 59.Kg2 Qa2+ 60.Kg1 Qd2 61.g4+ Kf6 62.Kf1 Qh2 63.Re3 Qg3 64.Re2 Kf7
65.Re3 Qh3+ 66.Kf2 Qh1 67.Re4 Qh2+ 68.Kf1 Kf6 69.Re3 Qf4 70.Re2 Qc4 71.Kf2 Qd4+
72.Kg2 Kf7 73.Re4 Qb2+ 74.Kg1 Qa2 75.Kf1 Kg6 76.Kg1 Qc2 77.Re6+ Kf7 78.Re4 Kf6
79.Kf1 Qd2 80.Kg1 Qb2 81.Kf1 Qh2  1/2-1/2

[Event "7th Varna Open 2013"]
[Site "Varna BUL"]
[Date "2013.06.21"]
[Round "3.18"]
[White "Georgiev,B"]
[Black "Gurvich,Vitaly"]
[Result "1/2-1/2"]
[WhiteElo "2271"]
[BlackElo "1935"]

1.e4 c5 2.Nf3 d6 3.Bb5+ Bd7 4.Bxd7+ Qxd7 5.c4 Nf6 6.Nc3 g6 7.d4 cxd4 8.Nxd4 Bg7
9.f3 O-O 10.Be3 Rc8 11.b3 Nc6 12.Rc1 e6 13.Nde2 d5 14.cxd5 exd5 15.O-O Rd8
16.Bg5 dxe4 17.Qxd7 Rxd7 18.fxe4 Ng4 19.Rfd1 Nd4 20.h3 Nxe2+ 21.Nxe2 Rxd1+
22.Rxd1 Ne5 23.Nc3 Re8 24.Nd5 Kh8 25.Nf6 Rc8 26.Nd7 Nc6 27.Nc5 b6 28.Na6 h6
29.Bh4 Re8 30.Rd7 Rxe4  1/2-1/2

[Event "7th Varna Open 2013"]
[Site "Varna BUL"]
[Date "2013.06.21"]
[Round "3.1"]
[White "Spasov,V"]
[Black "Ashwin,J"]
[Result "1/2-1/2"]
[WhiteElo "2565"]
[BlackElo "2472"]

1.e4 c5 2.Nf3 d6 3.Bb5+ Nd7 4.d4 cxd4 5.Qxd4 a6 6.Bxd7+ Bxd7 7.c4 e5 8.Qd3 b5
9.Nc3 bxc4 10.Qxc4 Be6 11.Qd3 Qc8 12.b3 h6 13.O-O Nf6 14.Be3 Be7 15.Nd2 O-O
16.Rac1 Qb7 17.Nc4 Bxc4 18.Qxc4 Rfc8 19.Qd3 Rc7 20.Rc2 Rac8 21.Rfc1 Kh8 22.f3 Rc6
23.Na4 Rxc2 24.Rxc2 Rxc2 25.Qxc2 d5 26.exd5 Nxd5 27.Bf2 Nb4 28.Qe2 Qc7 29.g3 Qc1+
30.Kg2 f6 31.Nb6 Bc5 32.Bxc5 Qxc5 33.Nc4 Qd4 34.a3 Nd3 35.Qd2 Kg8 36.Kf1 e4
37.fxe4 Qxe4 38.Qe3 Qxe3 39.Nxe3 Kf7 40.b4 Ke6 41.Ke2 Ne5  1/2-1/2

[Event "FISCA Open D 2013"]
[Site "Cap Aurora ROU"]
[Date "2013.06.22"]
[Round "1.4"]
[White "Carmaciu,L"]
[Black "Chirimbu,Alexandru-Claudiu"]
[Result "1-0"]
[WhiteElo "2416"]
[BlackElo "1830"]

1.e4 c5 2.Nf3 d6 3.Bb5+ Bd7 4.Bxd7+ Qxd7 5.c4 Nc6 6.Nc3 e6 7.d4 cxd4 8.Nxd4 Nf6
9.Bg5 Be7 10.O-O a6 11.Re1 O-O 12.a4 Rac8 13.b3 Rfd8 14.Rc1 Nxd4 15.Qxd4 Qc6
16.h3 Qc5 17.Qd2 Rc7 18.Be3 Qc6 19.a5 Rcd7 20.f3 Rb8 21.Na4 Bd8 22.Nb6 Bxb6
23.Bxb6 Ne8 24.Red1 Nc7 25.Bd4 Re8 26.Qg5 e5 27.Ba7 Ne6 28.Qe3 Nc7 29.Rc3 Re6
30.Qb6 Qxb6+ 31.axb6 Ne8 32.c5 Kf8 33.Bb8 Ke7 34.Rcd3 Rd8 35.Bc7 Nxc7 36.bxc7 Rc8
37.cxd6+ Kd7 38.Kf2 a5 39.Rd5 Ra8 40.Ke3 f6 41.R1d3 a4 42.bxa4 Rxa4 43.g3 Rc4
44.Kd2 b5 45.Rc3 Re8 46.Rxb5 Rd4+ 47.Rd3 Rxd3+ 48.Kxd3 Re6 49.Rb6  1-0

[Event "8th Teplice Open 2013"]
[Site "Teplice CZE"]
[Date "2013.06.22"]
[Round "8.24"]
[White "Kantans,T"]
[Black "Rubes,J"]
[Result "1-0"]
[WhiteElo "2320"]
[BlackElo "2139"]

1.e4 c5 2.Nf3 d6 3.Bb5+ Nc6 4.O-O Bd7 5.Re1 e6 6.c3 Nf6 7.d4 cxd4 8.cxd4 Be7
9.Nc3 a6 10.Bxc6 bxc6 11.e5 Nd5 12.Ne4 dxe5 13.Nxe5 O-O 14.Bd2 Ra7 15.b3 Qb6
16.Bg5 Bb4 17.Nc4 Qc7 18.Bd2 c5 19.dxc5 Bxc5 20.Ba5 Qc6 21.Rc1 Bb4 22.Bxb4 Nxb4
23.Ne5 Qd5 24.Nf6+ gxf6 25.Qg4+ Kh8 26.Qxb4 Rg8 27.Nxf7+ Kg7 28.Nd6 Bc6 29.Ne4 Ba8
30.Rcd1 Qb5 31.Qd6 Bd5 32.Nc3 Qd7 33.Qf4 Kf7 34.Nxd5 exd5 35.Qh6 Qf5 36.g3 Rg5
37.h4 Rg8 38.Rd4 Re7 39.Rxe7+ Kxe7 40.Qd2 Rd8 41.Kg2 Rd7 42.Qh6 Qg6 43.Qe3+ Kf7
44.Qf3 Ke6 45.Qe2+  1-0

[Event "13th IPCA World Championship"]
[Site "Velke Losiny CZE"]
[Date "2013.06.22"]
[Round "6.3"]
[White "Strekalovski,V"]
[Black "Obodchuk,A"]
[Result "0-1"]
[WhiteElo "2106"]
[BlackElo "2410"]

1.e4 c5 2.Nf3 d6 3.Bb5+ Nd7 4.O-O a6 5.Bc4 e6 6.a4 Ngf6 7.Re1 Be7 8.Nc3 O-O
9.h3 d5 10.exd5 Nb6 11.Bf1 Nbxd5 12.d3 b6 13.Bg5 Bb7 14.Ne5 Qc7 15.Nxd5 Nxd5
16.Bxe7 Nxe7 17.Qg4 Rad8 18.c3 Rd5 19.Nc4 Ng6 20.Qg3 Qd8 21.Re3 Nh4 22.Re5 Nf5
23.Qg4 Rxe5 24.Nxe5 Qc7 25.Nc4 Rd8 26.Ne3 Ne7 27.Qg3 e5 28.Nc4 f6 29.Qg4 Bc8
30.Qf3 Be6 31.Ne3 Qd7 32.Nc4 Qc7 33.Ne3 Bf7 34.h4 Qc6 35.Qg4 Be6 36.Qh5 g6
37.Qh6 Kh8 38.Nc4 Nf5 39.Qc1 Nxh4 40.Nxe5 Qc7 41.Qf4 Qxe5 42.Qxh4 a5 43.Re1 Qf5
44.Qh6 Kg8 45.Re4 Bf7 46.Qe3 Qd7 47.d4 cxd4 48.Rxd4 Qc7 49.Be2 Re8 50.Qd2 Re5
51.g3 Re7 52.Bb5 Kg7 53.Rd6 Qc5 54.Qd4 Qf5 55.Bd3 Qf3 56.Qf4 Re1+ 57.Bf1 Qxf4
58.gxf4 Bc4 59.Rxb6 Rxf1+ 60.Kg2 Ra1 61.Kf3 Rxa4 62.Ke3 Bf7 63.b3 Ra3 64.c4 Bxc4
65.Rb7+ Bf7 66.f5 Rxb3+ 67.Rxb3 Bxb3 68.fxg6 Kxg6  0-1

[Event "13th IPCA World Championship"]
[Site "Velke Losiny CZE"]
[Date "2013.06.22"]
[Round "6.13"]
[White "Mikulencak,J"]
[Black "Tsapalin,S"]
[Result "0-1"]
[WhiteElo "1842"]
[BlackElo "1958"]

1.e4 c5 2.Nf3 d6 3.Bb5+ Bd7 4.Bxd7+ Qxd7 5.O-O Nc6 6.c3 Nf6 7.d3 e6 8.Bf4 Be7
9.Na3 O-O 10.Nc2 Rad8 11.Qe2 e5 12.Bg3 Rfe8 13.Ne3 g6 14.h3 Nh5 15.Nd5 f5
16.Qd2 f4 17.Bh4 Bxh4 18.Nxh4 Ne7 19.Nxe7+ Qxe7 20.Nf3 Rf8 21.Qd1 Rf7 22.Qa4 a6
23.b4 cxb4 24.cxb4 Rdf8 25.Rac1 g5 26.Rc3 Rg7 27.Qb3+ Kh8 28.Nh2 f3 29.g3 Qd7
30.d4 Qxh3 31.Rxf3 Nf4 32.Rxf4 gxf4 33.g4 f3  0-1

[Event "III Marcel Duchamp Boca Jun Op"]
[Site "Buenos Aires ARG"]
[Date "2013.06.23"]
[Round "3.19"]
[White "Ambrogi,A"]
[Black "Tomas Falcon,Jesus"]
[Result "1-0"]
[WhiteElo "2309"]
[BlackElo "1944"]

1.e4 c5 2.Nf3 d6 3.Bb5+ Bd7 4.Bxd7+ Qxd7 5.O-O Nc6 6.c3 Nf6 7.Qe2 e5 8.d4 g6
9.Rd1 Qc7 10.Na3 Bg7 11.Nb5 Qe7 12.Nxd6+ Qxd6 13.dxe5 Qe6 14.exf6 Bxf6 15.Bh6 a6
16.Rd5 Rd8 17.Qc4 Rxd5 18.exd5 Ne5 19.Qxc5 Nxf3+ 20.gxf3 Be7 21.Qc7 Qxd5
22.Re1 Qd8 23.Qe5  1-0

[Event "3rd Big Slick GM"]
[Site "Purley ENG"]
[Date "2013.06.23"]
[Round "2"]
[White "Longson,A"]
[Black "Gormally,D"]
[Result "1/2-1/2"]
[WhiteElo "2279"]
[BlackElo "2496"]

1.e4 c5 2.Nf3 d6 3.Bb5+ Nd7 4.d4 Nf6 5.Nc3 cxd4 6.Qxd4 e5 7.Qd3 h6 8.Be3 Be7
9.Bc4 a6 10.a4 Qc7 11.O-O Nc5 12.Bxc5 Qxc5 13.Nd5 Nxd5 14.Qxd5 Qxd5 15.Bxd5 O-O
16.Rfd1 Rb8 17.c4 Bg4 18.Rd3 Rfc8 19.Nd2 Bd8 20.Rb3 Ba5 21.Nf1 Be6 22.Bxe6 fxe6
23.Ne3 Rc6 24.Rd3 Bb6 25.b3 Bd4 26.Rad1 b5 27.axb5 axb5 28.cxb5 Rxb5 29.g3 Kf7
30.Kg2 Ke7 31.h4 h5 32.Kf3 Rc8 33.Ke2 g6 34.f4 Rcb8 35.Rb1 exf4 36.gxf4 Bf6
37.Nc4 d5 38.exd5 exd5 39.Re3+ Kd7 40.Ne5+ Bxe5 41.Rxe5 Rxb3 42.Rxb3 Rxb3
43.Rxd5+ Ke6 44.Rg5 Kf6 45.f5 gxf5 46.Rxh5 Ke5 47.Rh8 Ke4 48.Ra8 Rb2+ 49.Kf1 Kf3
50.Ra3+ Kg4 51.Ra4+ f4 52.Ra3 Kxh4 53.Rc3 Kg4 54.Ra3 Rd2 55.Rb3 Rd4  1/2-1/2

[Event "Gold Coast Open 2013"]
[Site "Gold Coast AUS"]
[Date "2013.06.24"]
[Round "6"]
[White "Wallis,C"]
[Black "McClymont,Brodie"]
[Result "1-0"]
[WhiteElo "2287"]
[BlackElo "2235"]

1.e4 c5 2.Nf3 d6 3.Bb5+ Bd7 4.Bxd7+ Qxd7 5.c4 Nc6 6.d4 cxd4 7.Nxd4 Nf6 8.Nc3 g6
9.h3 Bg7 10.Be3 O-O 11.O-O Rfc8 12.b3 Qd8 13.Rc1 Qa5 14.Qe2 a6 15.Nxc6 Rxc6
16.Bd4 e6 17.Rfd1 Rac8 18.Qf3 Nd7 19.Bxg7 Kxg7 20.a4 Qg5 21.Ne2 b5 22.Qc3+ Kg8
23.Qa5 Nf6 24.Nd4 Rc5 25.Qxa6 bxc4 26.b4 R5c7 27.b5 Nxe4 28.b6 Nc5 29.Qxc4 Rb7
30.a5 Ra8 31.Qb5 e5 32.Nc6 Ne6 33.Rc4 d5 34.Qxd5 Kg7 35.Qb5 Nd8 36.Rf4 exf4
37.Qxg5  1-0

[Event "Malaysian Masters Men 2013"]
[Site "Kuala Lumpur MAS"]
[Date "2013.06.24"]
[Round "4.4"]
[White "Lim Yee Weng"]
[Black "Lim,C"]
[Result "1-0"]
[WhiteElo "2309"]
[BlackElo "2349"]

1.e4 c5 2.Nf3 d6 3.Bb5+ Bd7 4.Bxd7+ Qxd7 5.O-O Nc6 6.Qe2 Nf6 7.Rd1 e6 8.b3 Be7
9.Bb2 O-O 10.d4 cxd4 11.Nxd4 d5 12.Nxc6 Qxc6 13.exd5 Nxd5 14.c4 Nf4 15.Qg4 Ng6
16.Nd2 Rad8 17.Qf3 Qxf3 18.Nxf3 Nf4 19.Be5 Nd3 20.Bd4 Nc5 21.Kf1 a6 22.b4 Na4
23.c5 a5 24.a3 f6 25.Rdc1 e5 26.Be3 f5 27.Bg5 Bxg5 28.Nxg5 Rd3 29.Rab1 Rfd8
30.bxa5 Nc3 31.Ne6 R8d5 32.a6 bxa6 33.Nc7 Rd7 34.Rxc3 Rxc3 35.Nxa6 Ra7 36.Rb6 Rxa3
37.Nb4 Rc3 38.c6 Rc5 39.Rb8+ Kf7 40.Rb7+ Rxb7 41.cxb7 Rb5 42.Nc6 Ke6 43.b8=Q Rxb8
44.Nxb8 e4 45.Na6 g5 46.Ke2 f4 47.Nb4 h5 48.f3 exf3+ 49.Kxf3 Kf5 50.h4 g4+
51.Kf2 Ke4 52.g3 f3 53.Nc2 Kd3 54.Ne3 Ke4 55.Nc4 Kd5 56.Nd2 Kd4 57.Nb3+ Ke4
58.Nc5+ Kf5 59.Ke3  1-0

[Event "III Marcel Duchamp Boca Jun Op"]
[Site "Buenos Aires ARG"]
[Date "2013.06.25"]
[Round "5.35"]
[White "Romano,Guillermo"]
[Black "Latorre,Mat"]
[Result "0-1"]
[WhiteElo "1763"]
[BlackElo "2227"]

1.e4 c5 2.Nf3 d6 3.Bb5+ Nd7 4.c3 Nf6 5.Qe2 a6 6.Ba4 c4 7.O-O Qc7 8.Re1 e5
9.Bc2 b5 10.b4 Nb6 11.a4 bxa4 12.Bxa4+ Nxa4 13.Rxa4 Bb7 14.d3 cxd3 15.Qxd3 Qc6
16.Ra5 Be7 17.Nbd2 O-O 18.Ba3 Rfc8 19.c4 Nh5 20.Rc1 Nf4 21.Qe3 Bd8 22.Rd5 Nxd5
23.exd5 Qd7 24.Ne4 h6 25.h3 f5 26.Ned2 Rc7 27.Nh2 Bg5 28.Qe2 Qa4 29.Rc3 Bxd5  0-1

[Event "FISCA Open D 2013"]
[Site "Cap Aurora ROU"]
[Date "2013.06.25"]
[Round "4.8"]
[White "Bida,M"]
[Black "Pisu,R"]
[Result "1/2-1/2"]
[WhiteElo "2204"]
[BlackElo "2081"]

1.e4 c5 2.Nf3 d6 3.Bb5+ Bd7 4.Bxd7+ Nxd7 5.O-O g6 6.c3 Ngf6 7.Re1 Bg7 8.d4 e5
9.dxe5 Nxe5 10.Nxe5 dxe5 11.Qe2 O-O 12.Bg5 Qc7 13.Bxf6 Bxf6 14.c4 Bg7 15.Nc3 f5
16.Rad1 Rad8 17.Rxd8 Rxd8 18.Nd5 Qf7 19.Rd1 h6 20.b3 Kh7 21.Rd3 b6 22.a3 Rd6
23.Rd1 Rd8 24.f3 f4 25.Rd3 Rd6 26.Nxf4 Rxd3 27.Nxd3 Qd7 28.Qe3 h5 29.Nf2 Bh6
30.Qd3 Qxd3 31.Nxd3 Be3+ 32.Kf1 Bd4 33.Ne1 Kg7 34.Nc2 g5 35.g3 Kf6 36.Kg2 Ke6
37.Ne1 Kf6 38.Nd3 Be3 39.h3 Ke6 40.Kf1 h4 41.Ke2 Bd4 42.gxh4 gxh4 43.a4 Kf6
44.f4 exf4 45.Nxf4 Be5 46.Kf3 Kg5 47.Nd5 Bd6 48.Ne3 Be5 49.Ng2 Bd6 50.Ne1 Be5
51.Nd3 Bd4 52.a5 bxa5 53.Nf4 Kf6 54.Nd3 Kg5 55.Nf4 Kf6 56.Ne2 Bb2 57.Nf4 Ke5  1/2-1/2

[Event "8th Vladimir Dvorkovich Cup"]
[Site "Moscow RUS"]
[Date "2013.06.25"]
[Round "1.1"]
[White "Sibashvili,G"]
[Black "Antipov,M2"]
[Result "0-1"]
[WhiteElo "2186"]
[BlackElo "2478"]

1.e4 c5 2.Nf3 d6 3.Bb5+ Nd7 4.d4 cxd4 5.Qxd4 a6 6.Bxd7+ Bxd7 7.Nc3 e5 8.Qd3 h6
9.Be3 Nf6 10.Nd2 b5 11.a4 Rb8 12.axb5 axb5 13.b4 Bc6 14.Ra6 Qc8 15.Ra5 d5
16.Nxd5 Bxd5 17.exd5 Qd7 18.Qc3 Qxd5 19.O-O Bd6 20.Nb3 O-O 21.Bc5 Rfd8 22.Bxd6 Qxd6
23.Nc5 Nd5 24.Qb3 Nf4 25.Qf3 Qd2 26.c3 Qxc3 27.Qxc3 Ne2+ 28.Kh1 Nxc3 29.g3 Rd2
30.Rc1 Na2 31.Re1 Nxb4 32.Kg1 Nc6 33.Ra6 Nd4 34.Kg2 b4 35.Nd7 Rc8 36.Rxe5 b3
37.Rb6 f6 38.Rd5 Rcc2 39.Kh3 Nf3 40.Rxd2 Nxd2 41.Rb8+ Kf7  0-1

[Event "3rd Big Slick GM"]
[Site "Purley ENG"]
[Date "2013.06.25"]
[Round "4"]
[White "Trent,L"]
[Black "Gormally,D"]
[Result "1/2-1/2"]
[WhiteElo "2420"]
[BlackElo "2496"]

1.e4 c5 2.Nf3 d6 3.Bb5+ Nd7 4.d4 Nf6 5.e5 Qa5+ 6.Nc3 Ne4 7.Rb1 a6 8.Bxd7+ Bxd7
9.O-O Nxc3 10.bxc3 d5 11.Rxb7 Bc6 12.Rb3 c4 13.Ra3 Qc7 14.e6 f6 15.Nh4 g6
16.Qg4 a5 17.Qh3 Bg7 18.f4 Qd6 19.Qg4 O-O 20.f5 g5 21.Nf3 Rab8 22.Qg3 Qxg3
23.hxg3 g4 24.Nh2 h5 25.Bf4 Rb2 26.Rc1 Kh7 27.Nf1 Bh6 28.Ne3 Bxf4 29.gxf4 a4
30.Kf2 Kg7 31.Rh1 Rh8 32.g3 Kf8 33.Ke2 Ke8 34.Kd2 Kd8 35.Kc1 Rb7 36.Ng2 Kc7
37.Nh4 Kd6 38.Kd2 Rhb8 39.Ng2 Rb1 40.Rc1 h4 41.Nxh4 Rxc1 42.Kxc1 Rh8  1/2-1/2

[Event "3rd Big Slick GM"]
[Site "Purley ENG"]
[Date "2013.06.25"]
[Round "4"]
[White "Trent,L"]
[Black "Gormally,D"]
[Result "1/2-1/2"]
[WhiteElo "2420"]
[BlackElo "2496"]

1.e4 c5 2.Nf3 d6 3.Bb5+ Nd7 4.d4 Nf6 5.e5 Qa5+ 6.Nc3 Ne4 7.Rb1 a6 8.Bxd7+ Bxd7
9.O-O Nxc3 10.bxc3 d5 11.Rxb7 Bc6 12.Rb3 c4 13.Ra3 Qc7 14.e6 f6 15.Nh4 g6
16.Qg4 a5 17.Qh3 Bg7 18.f4 Qd6 19.Qg4 O-O 20.f5 g5 21.Nf3 Rfb8 22.Qg3 Qxg3
23.hxg3 g4 24.Nh2 h5 25.Bf4 Rb2 26.Rc1 Kh7 27.Nf1 Bh6 28.Ne3 Bxf4 29.gxf4 a4
30.Kf2 Kg7 31.Rh1 Rh8 32.g3 Kf8 33.Ke2 Ke8 34.Kd2 Kd8 35.Kc1 Rb7 36.Ng2 Kc7
37.Nh4 Kd6 38.Kd2 Rhb8 39.Ng2 Rb1 40.Rc1 h4 41.Nxh4 Rxc1 42.Kxc1 Rh8  1/2-1/2

[Event "DC International"]
[Site "Arlington USA"]
[Date "2013.06.27"]
[Round "2.13"]
[White "Polgar-Shutzman,Tom"]
[Black "Bodek,Michael H"]
[Result "0-1"]
[WhiteElo "2075"]
[BlackElo "2386"]

1.e4 c5 2.Nf3 d6 3.Bb5+ Nd7 4.d4 Nf6 5.O-O a6 6.Bxd7+ Nxd7 7.c4 e6 8.Nc3 Be7
9.b3 Bf6 10.Bb2 cxd4 11.Nxd4 O-O 12.Qd2 Qc7 13.Rfd1 Rd8 14.Rac1 b6 15.f3 Bb7
16.Nde2 Ne5 17.Qe3 Rab8 18.Ba3 Ba8 19.Rd2 Be7 20.Rcc2 Qb7 21.Nd4 Rbc8 22.Rd1 Bf8
23.Bb2 Qb8 24.Re2 Nc6 25.Nxc6 Bxc6 26.Qg5 b5 27.cxb5 axb5 28.Red2 Qa7+ 29.Kh1 b4
30.Ne2 Qe7 31.Qg4 Ra8 32.Ng3 Ra5 33.f4 f6 34.Nh5 Kf7 35.e5 f5 36.exd6 Rxd6
37.Qg3 Rxd2 38.Rxd2 Rxa2 39.Qe3 Qc5 40.Qe1 Bd5 41.Qd1 Qe3 42.Ng3 Bxb3 43.Qc1 Be7  0-1

[Event "21st Montcada Open"]
[Site "Montcada i Reixac ESP"]
[Date "2013.06.27"]
[Round "3.14"]
[White "Neelotpal,D"]
[Black "Rishi,S"]
[Result "1/2-1/2"]
[WhiteElo "2461"]
[BlackElo "2308"]

1.e4 c5 2.Nf3 d6 3.Bb5+ Nc6 4.c3 Bd7 5.d4 Nf6 6.Qe2 a6 7.Bxc6 Bxc6 8.d5 Bd7
9.c4 Bg4 10.Nbd2 g6 11.h3 Bxf3 12.Nxf3 Bg7 13.O-O Nd7 14.Bf4 O-O 15.Rfe1 b5
16.Rab1 Qa5 17.b3  1/2-1/2

[Event "63rd ch-RUS HL w"]
[Site "Yekaterinburg RUS"]
[Date "2013.06.28"]
[Round "8.14"]
[White "Poliushkina,Darjia"]
[Black "Zasypkina,E"]
[Result "1-0"]
[WhiteElo "1940"]
[BlackElo "1994"]

1.e4 c5 2.Nf3 d6 3.Bb5+ Nc6 4.O-O Bd7 5.Re1 a6 6.Bxc6 Bxc6 7.d4 cxd4 8.Nxd4 g6
9.Nxc6 bxc6 10.Qf3 e5 11.Nd2 Bg7 12.Nc4 Ne7 13.Bg5 O-O 14.Rad1 Qc7 15.Rxd6 Nc8
16.Rd3 Nb6 17.Nd6 Na4 18.Nc4 Nc5 19.Rd2 Ne6 20.Be3 Nd4 21.Qg3 Qe7 22.c3 Nb5
23.a4 Na7 24.Red1 Nc8 25.b4 Qe6 26.Na5 Ne7 27.Bc5 Rfc8 28.Rd6 Qa2 29.Rd7 Qxa4
30.Bxe7  1-0

[Event "III Marcel Duchamp Boca Jun Op"]
[Site "Buenos Aires ARG"]
[Date "2013.06.29"]
[Round "9.12"]
[White "Paveto,K"]
[Black "Fernandez,Maria"]
[Result "1/2-1/2"]
[WhiteElo "2298"]
[BlackElo "2134"]

1.e4 c5 2.Nf3 d6 3.Bb5+ Bd7 4.Bxd7+ Qxd7 5.O-O Nc6 6.c3 Nf6 7.Qe2 g6 8.d4 cxd4
9.cxd4 d5 10.e5 Ne4 11.Nbd2 Nxd2 12.Bxd2 Bg7 13.Rac1 O-O 14.h3 Rfc8 15.Qd3 Nd8
16.b3 Ne6 17.a4  1/2-1/2

[Event "66th ch-RUS HL"]
[Site "Yekaterinburg RUS"]
[Date "2013.06.29"]
[Round "9.2"]
[White "Nepomniachtchi,I"]
[Black "Shomoev,A"]
[Result "1-0"]
[WhiteElo "2717"]
[BlackElo "2565"]

1.e4 c5 2.Nf3 d6 3.Bb5+ Nd7 4.O-O a6 5.Bd3 e6 6.c3 Qc7 7.a4 c4 8.Bc2 b6 9.b3 cxb3
10.Bxb3 Bb7 11.d3 Ngf6 12.c4 Be7 13.Nc3 O-O 14.Bf4 Ne5 15.Ne1 Nc6 16.Nc2 Rfc8
17.Rb1 Nd7 18.Bg3 Bf6 19.d4 e5 20.Nd5 Qd8 21.dxe5 dxe5 22.Ba2 Na5 23.Nce3 Bxd5
24.Nxd5 Be7 25.Kh1 Nxc4 26.Qe2 b5 27.axb5 axb5 28.Rxb5 Nd6 29.Rb2 Bh4 30.Bxh4 Qxh4
31.g3 Qd8 32.Rd1 Rcb8 33.Rbd2 Nc5 34.Nc3 Qa5 35.Qf3 Nb5 36.Nxb5 Qxb5 37.Qxf7+ Kh8
38.Bd5 Ra4 39.Bc6  1-0

[Event "DC International"]
[Site "Arlington USA"]
[Date "2013.06.30"]
[Round "8.29"]
[White "Polgar-Shutzman,Tom"]
[Black "Nguyen,Trung"]
[Result "1-0"]
[WhiteElo "2075"]
[BlackElo "1887"]

1.e4 c5 2.Nf3 d6 3.Bb5+ Nd7 4.d4 cxd4 5.Qxd4 Nf6 6.O-O g6 7.e5 dxe5 8.Qxe5 a6
9.Bxd7+ Bxd7 10.Re1 e6 11.Nc3 Bg7 12.Bg5 h6 13.Bh4 Bc6 14.Rad1 Qe7 15.Nd4 O-O
16.Rd3 Rfd8 17.Rg3 Ne8 18.Bxe7 Bxe5 19.Nxc6 Bxc3 20.Rxc3 Rd7 21.Bb4 bxc6
22.Rxc6 Nf6 23.c4 Kg7 24.Bc3 g5 25.h3 Kg6 26.Re5 Ne8 27.Ra5 Rd6 28.Rac5 Rxc6
29.Rxc6 Ra7 30.b4 Kf5 31.f3 Kf4 32.Kf2 Kf5 33.a4 h5 34.a5 Rc7 35.Rxc7 Nxc7
36.Bd4 e5 37.Bb6 Ne8 38.b5 axb5 39.a6 Nd6 40.a7 Nxc4 41.a8=Q Nxb6 42.Qc6 Nc4
43.g4+  1-0

[Event "2nd Arberopen 2013"]
[Site "Bayerisch Eisenstein GER"]
[Date "2013.06.30"]
[Round "2.22"]
[White "Strasser,J GER"]
[Black "Eiriksson,S"]
[Result "0-1"]
[WhiteElo "1903"]
[BlackElo "1946"]

1.e4 c5 2.Nf3 d6 3.Bb5+ Nd7 4.c3 a6 5.Ba4 b5 6.Bc2 Bb7 7.d4 cxd4 8.cxd4 Rc8
9.Bf4 Qc7 10.Bd3 e5 11.Be3 Ngf6 12.Nbd2 Be7 13.O-O O-O 14.Qe2 h6 15.d5 Ng4
16.a4 Nxe3 17.Qxe3 f5 18.axb5 axb5 19.Ra7 Nc5 20.b4 f4 21.Qe2 Nxd3 22.Qxd3 Ra8
23.Rfa1 Rxa7 24.Rxa7 Qb6 25.Ra2 g5 26.h3 h5 27.Rc2 g4 28.Ne1 Bh4 29.Qe2 g3
30.Nef3 Qxf2+ 31.Qxf2 gxf2+ 32.Kf1 Bg3 33.Nb3 Ra8 34.Na5 Bc8 35.Rc6 Kf7 36.Rxd6 Ke7
37.Rc6 Bd7 38.Rc1 Kf6 39.Rc7 Be8 40.Ke2 h4 41.Kf1 Rd8 42.Rh7 Bg6 43.Rh6 Kg7
44.Rxg6+ Kxg6 45.Nxe5+ Kf6 46.Nd3 Rc8 47.Nxf2 Re8 48.Ng4+ Kg5 49.e5 Kf5 50.Nc6 Ra8
51.Nd4+ Ke4 52.Nxb5 Kd3 53.Nf2+ Kd2 54.Ne4+ Ke3  0-1

[Event "IsBank TCh-TUR 2013"]
[Site "Denizli TUR"]
[Date "2013.06.30"]
[Round "2.2"]
[White "Odeev,H"]
[Black "Esen,B"]
[Result "0-1"]
[WhiteElo "2395"]
[BlackElo "2562"]

1.e4 c5 2.Nf3 d6 3.Bb5+ Nd7 4.O-O a6 5.Be2 Ngf6 6.Nc3 b5 7.d4 cxd4 8.Qxd4 e5
9.Qe3 Be7 10.Nh4 g6 11.a3 Bb7 12.Nf3 Qb6 13.Bd3 Qxe3 14.Bxe3 Rc8 15.Rfe1 O-O
16.Bg5 Kg7 17.Nd2 Nc5 18.Nf1 Nd5 19.Bxe7 Nxe7 20.Rad1 f5 21.exf5 gxf5 22.Bxb5 axb5
23.Nxb5 Ng6 24.Nxd6 Rc7 25.Ne3 f4 26.Nec4 Kf6 27.b4 Ne6 28.b5 Rg8 29.b6 Rxc4
30.Nxc4 Nh4 31.g3 Nf3+ 32.Kf1 Ba6 33.Re4 Nfg5 34.Ree1 Bxc4+ 35.Kg2 f3+ 36.Kh1 Nh3
37.Rd2 Nd4 38.b7 Rb8 39.Rb1 Ne2 40.Rb6+ Kg5  0-1

[Event "IsBank TCh-TUR 2013"]
[Site "Denizli TUR"]
[Date "2013.06.30"]
[Round "2.10"]
[White "Ozbay,Ece"]
[Black "Abdimanoglu,B"]
[Result "0-1"]
[WhiteElo "1391"]
[BlackElo "1835"]

1.e4 c5 2.Nf3 d6 3.Bb5+ Bd7 4.Bxd7+ Qxd7 5.O-O Nc6 6.Qe2 e6 7.Rd1 O-O-O 8.d4 d5
9.exd5 exd5 10.Nc3 cxd4 11.Nxd4 Nxd4 12.Rxd4 Re8 13.Qd1 Nf6 14.Bg5 Bc5 15.Bxf6 gxf6
16.Rxd5 Qe7 17.Qe2 Qxe2 18.Rxc5+ Kd7 19.Nxe2 Kd6 20.Rc3 Rxe2 21.Rd1+ Ke6
22.Kf1 Re5 23.Rcd3 Rc8 24.Rd6+ Kf5 25.c3 Rcc5 26.f3 Ra5 27.R1d4 Rxa2 28.g4+ Kg6
29.f4 Rb5 30.b4 Rxh2 31.g5 Rf5 32.gxf6 Rh4 33.Rd7 Rhxf4+ 34.Rxf4 Rxf4+ 35.Ke2 b5
36.Rxa7 h5 37.Ra5 Rf5 38.Ke3 h4 39.Ra2 Kh5 40.Ke4 Rxf6 41.Ra5 h3 42.Rxb5+ Kg4
43.Ra5 h2 44.Ra1 Kg3 45.b5 Rf2 46.c4 Rg2 47.Rh1 Rf2 48.b6 f5+ 49.Kd5 f4 50.c5 Rd2+
51.Ke4 Rb2 52.Kd5 f3 53.c6 Rb5+ 54.Kd6 Rxb6 55.Kc7 Rxc6+ 56.Kxc6 Kg2 57.Rxh2+ Kxh2
58.Kd5 f2 59.Kd4 f1=Q 60.Kd5 Qe2 61.Kd4 Qc2 62.Kd5 Kg3 63.Kd4 Kf4 64.Kd5 Qe4+
65.Kc5 Qd3 66.Kc6 Qd4 67.Kb5 Qc3 68.Kb6 Qc4 69.Kb7 Qc5 70.Kb8 Qc6 71.Ka7 Qb5
72.Ka8 Ke5 73.Ka7 Kd6 74.Ka8 Kc7 75.Ka7 Qa5+  0-1

[Event "21st Montcada Open"]
[Site "Montcada i Reixac ESP"]
[Date "2013.06.30"]
[Round "6.15"]
[White "Munoz Pantoja,M"]
[Black "Gallart Zafra,J"]
[Result "1-0"]
[WhiteElo "2459"]
[BlackElo "2279"]

1.e4 c5 2.Nf3 d6 3.Bb5+ Nd7 4.c4 Nf6 5.Nc3 g6 6.O-O Bg7 7.d4 cxd4 8.Nxd4 O-O
9.Bxd7 Bxd7 10.b3 Qa5 11.Bb2 Rfc8 12.Re1 Qh5 13.Qxh5 Nxh5 14.Nd5 Kf8 15.Rad1 Nf6
16.Nc3 Ne8 17.f4 Nc7 18.e5 dxe5 19.Nf3 Bg4 20.fxe5 Rd8 21.Nd5 Nxd5 22.cxd5 Rac8
23.Ba3 Ke8 24.Re2 e6 25.d6 Bxf3 26.gxf3 Kd7 27.Kf2 Bh6 28.Rd4 Bg7 29.Rf4 Rf8
30.Bb2 h6 31.Ra4 a6 32.Rb4 b5 33.a4 Rb8 34.axb5 Rxb5 35.Rxb5 axb5 36.Rc2 Rc8
37.Rxc8 Kxc8 38.Ke3 Kd7 39.Kd4 Kc6 40.d7 Kxd7 41.Kc5 Bf8+ 42.Kxb5 g5 43.Kb6 f6
44.exf6 Bd6 45.h3 e5 46.f7 Ke6 47.Kc6 Bb4 48.Bc3 Bf8 49.b4 Kxf7 50.b5 Ke6
51.b6 Bd6 52.b7 h5 53.Ba5 Bb8 54.Bc7 Ba7 55.Kb5  1-0